[Event "Nizhnij Tagil-ch"]
[Site "Nizhnij Tagil"]
[Date "2006.12.??"]
[Round "2"]
[White "Morozov, Vsevolod"]
[Black "Gusev, Oleg Sergeevich"]
[Result "1-0"]
[WhiteElo "2091"]
[BlackElo "2162"]
[PlyCount "121"]
[EventDate "2006.12.07"]
[EventType "swiss"]
[EventRounds "13"]
[EventCountry "RUS"]
[SourceTitle "EXT 2008"]
[Source "ChessBase"]
[SourceDate "2007.11.25"]
[SourceVersion "1"]
[SourceVersionDate "2007.11.25"]
[SourceQuality "1"]

1. d4 c5 2. e3 cxd4 3. exd4 d5 4. Bd3 Nc6 5. c3 Nf6 6. Nf3 Bg4 7. h3 Bh5 8. Bf4 e6 9. Qb3 Qc8 10. Nbd2 Bg6 11. Bxg6 hxg6 12. Ne5 Be7 13. Ndf3 0-0 14. 0-0 Nxe5 15. Nxe5 Nd7 16. Rfe1 Nxe5 17. Bxe5 Qd7 18. Re3 Rac8 19. Rae1 Rc6 20. Qd1 b5 21. h4 Rfc8 22. h5 b4 23. hxg6 fxg6 24. Qg4 g5 25. cxb4 Bxb4 26. R1e2 Rc1+ 27. Kh2 R1c2 28. Rh3 Rxe2 29. Qxe2 Bd6 30. Qh5 Bxe5+ 31. dxe5 Rc4 32. Qxg5 Qe8 33. b3 Re4 34. f3 Re2 35. f4 Re4 36. Qh4 Qf8 37. Qh7+ Kf7 38. Rc3 Qd8 39. Qh5+ Kg8 40. Qg4 Qd7 41. Qg5 d4 42. Rd3 Re3 43. Qg6 Rxd3 44. Qxd3 Qe7 45. Kg3 Qc5 46. Qc4 Qa3 47. Qxd4 Qxa2 48. Qc4 Qd2 49. Qxe6+ Kh7 50. Qh3+ Kg8 51. Qg4 Qe3+ 52. Kh2 Kf8 53. Qf5+ Ke7 54. e6 Qe1 55. Qf7+ Kd6 56. Qd7+ Kc5 57. Qxa7+ Kb4 58. Qd4+ Ka3 59. f5 Kxb3 60. Qf4 Kc3 61. Qg3+ 1-0

[Event "Nizhnij Tagil-ch"]
[Site "Nizhnij Tagil"]
[Date "2006.12.??"]
[Round "5"]
[White "Vahrushev, Vladimir"]
[Black "Morozov, Vsevolod"]
[Result "1-0"]
[WhiteElo "2300"]
[BlackElo "2091"]
[PlyCount "99"]
[EventDate "2006.12.07"]
[EventType "swiss"]
[EventRounds "13"]
[EventCountry "RUS"]
[SourceTitle "EXT 2008"]
[Source "ChessBase"]
[SourceDate "2007.11.25"]
[SourceVersion "1"]
[SourceVersionDate "2007.11.25"]
[SourceQuality "1"]

1. c4 e6 2. Nc3 d5 3. d4 Nf6 4. Nf3 c6 5. Bg5 Be7 6. e3 Nbd7 7. Bd3 0-0 8. 0-0 dxc4 9. Bxc4 b5 10. Bd3 a6 11. Qe2 c5 12. Rfd1 c4 13. Bc2 Bb7 14. e4 Nb6 15. a3 Qc7 16. Ne5 Rad8 17. Rac1 Rfe8 18. Bf4 Qc8 19. Rd2 Nfd7 20. Qg4 Nxe5 21. Bxe5 Bf8 22. Bf6 Rd7 23. Rcd1 Kh8 24. Bg5 Be7 25. Be3 Red8 26. d5 Bc5 27. Bg5 f6 28. dxe6 Rxd2 29. Bxd2 Re8 30. e5 Qxe6 31. Qxe6 Rxe6 32. Be3 Be7 33. Bxb6 Rxb6 34. Rd7 Bf8 35. Rd8 Kg8 36. Rb8 fxe5 37. Be4 Bxe4 38. Rxb6 Bd3 39. Rxa6 b4 40. axb4 Bxb4 41. Re6 Kf7 42. Rxe5 Bd6 43. Rb5 Be7 44. f4 Bf6 45. Kf2 Bd4+ 46. Kf3 Ke6 47. g4 h6 48. f5+ Kf6 49. h4 g6 50. Ne4+ 1-0

[Event "Nizhnij Tagil-ch"]
[Site "Nizhnij Tagil"]
[Date "2006.12.??"]
[Round "3"]
[White "Yaschenko, Yury"]
[Black "Morozov, Vsevolod"]
[Result "1-0"]
[WhiteElo "2079"]
[BlackElo "2091"]
[PlyCount "133"]
[EventDate "2006.12.07"]
[EventType "swiss"]
[EventRounds "13"]
[EventCountry "RUS"]
[SourceTitle "EXT 2008"]
[Source "ChessBase"]
[SourceDate "2007.11.25"]
[SourceVersion "1"]
[SourceVersionDate "2007.11.25"]
[SourceQuality "1"]

1. e4 e5 2. Nf3 Nc6 3. Bb5 f5 4. d3 d6 5. Nc3 Nf6 6. Ba4 fxe4 7. dxe4 Be7 8. h3 0-0 9. Bg5 Kh8 10. Qd2 Be6 11. 0-0-0 a6 12. Bxf6 Bxf6 13. Kb1 b5 14. Bb3 Bxb3 15. axb3 Ne7 16. h4 b4 17. Ne2 a5 18. g4 Ng6 19. Ng3 Nf4 20. g5 Be7 21. Nf5 Qe8 22. Rdg1 Bd8 23. g6 Bf6 24. gxh7 d5 25. Ng5 c5 26. exd5 Qd7 27. Ne3 a4 28. Ne4 Qa7 29. Nc4 Rfd8 30. d6 axb3 31. cxb3 Ne6 32. Qe3 Nd4 33. Kc1 Qa2 34. Ned2 e4 35. Rg4 Qa1+ 36. Nb1 Qa2 37. Rh3 Nf5 38. Qe2 e3 39. Qc2 Nd4 40. Rxd4 cxd4 41. fxe3 dxe3 42. Rxe3 Bxh4 43. Ne5 Qa7 44. Ng6+ Kxh7 45. Nxh4+ Kg8 46. Qc4+ Qf7 47. Nf5 Kf8 48. Qxf7+ Kxf7 49. Nd2 g6 50. Nh6+ Kg7 51. Ng4 Rxd6 52. Nc4 Rd7 53. Kc2 Rf8 54. Re2 Rdf7 55. Nce5 Rf4 56. Rd2 Rc8+ 57. Kd1 Rc7 58. Rd6 Kh7 59. Nf6+ Kh6 60. Nd5 Rd4+ 61. Ke2 Re4+ 62. Kd3 Rxe5 63. Nxc7 Rf5 64. Nd5 Rf2 65. Ne7 Rxb2 66. Kc4 Rg2 67. Rxg6+ 1-0